Investigaciones en comercialización y sistema de información comercial (Registro nro. 17126)
[ vista simple ]
| 000 -LEADER | |
|---|---|
| fixed length control field | 00372 a2200109 4500 |
| 001 - CONTROL NUMBER | |
| control field | ART_2153 |
| 005 - DATE AND TIME OF LATEST TRANSACTION | |
| control field | 20260410161723.0 |
| 008 - FIXED-LENGTH DATA ELEMENTS--GENERAL INFORMATION | |
| fixed length control field | 260409a |
| 100 1# - MAIN ENTRY--PERSONAL NAME | |
| Personal name | Gaito, Horacio |
| 245 10 - TITLE STATEMENT | |
| Title | Investigaciones en comercialización y sistema de información comercial |
| 773 0# - HOST ITEM ENTRY | |
| Title | Administración de empresas |
| Related parts | - Año XX, Nº 229/230 (abr./may. 1989) |
| Record control number | REV2036 |
No hay ítems disponibles.